Irregular Verbs - Past Simple 1 - Statistics

General Stats
  • This quiz has been taken 160 times
  • The average score is 21 of 25
Answer Stats
Hint Answer % Correct
forget forgot
94%
speak spoke
94%
hear heard
92%
have had
91%
swim swam
91%
become became
89%
read read
89%
drive drove
87%
give gave
87%
begin began
86%
drink drank
86%
know knew
86%
understand understood
86%
keep kept
84%
lose lost
83%
sleep slept
83%
choose chose
82%
tell told
81%
fly flew
80%
feel felt
79%
leave left
75%
lend lent
74%
send sent
73%
bring brought
71%
teach taught
70%
No matching quizzes found
Score Distribution
Percent of People with Each Score
Percentile by Number Answered
Your Score History
You have not taken this quiz